igualdade na Diversidade

Detalles Bibliográficos
Autor principal: de Souza Lisbḁ, Natl̀ia
Formato: eBook
Lenguaje:portugués
Publicado: Belo Horizonte: Initia Via Editora, 2020
Materias:
Acceso en línea:Acceso restringido

MARC

LEADER 00000nam a22000007a 4500
005 2021042303153.0
007 cr|||| ||||
008 210423s2020 br |||||s|||| 00||0 por d
020 |a 978-85-9547-073-6 
035 |a 33105 
040 |a vLex 
090 |c 11509  |d 11509 
100 1 |a de Souza Lisbḁ, Natl̀ia 
245 1 0 |a igualdade na Diversidade  |h [Recurso electrn̤ico] /  |c Natl̀ia de Souza Lisbḁ 
256 |a Servicio en ln̕ea 
260 |a Belo Horizonte:  |b Initia Via Editora,  |c 2020 
300 |a 1 recurso electrn̤ico 
506 1 |a Disponible solo en los productos indicados  |d vLex Global  |d vLex Global (Academic Edition, excluding Law Schools)  |d vLex Global (Academic Edition, excluding Law Schools)  |d vLex Global (U.S. Academic Edition, Law Schools)  |d vLex Global (Academic Edition, Law Schools) 
650 0 4 |a Derecho Constitucional  |z Brasil 
740 0 |a vLex Libros (Servicio en ln̕ea) 
856 4 0 |u https://vlex.com/source/igualdade-diversidade-33105  |z Acceso restringido 
942 |c BOOK 
999 0 |a Constitutional right